| 000 | 00375nam a22001217a 4500 | ||
|---|---|---|---|
| 082 | _a330 | ||
| 100 | _aState Bank of Pakistan | ||
| 245 |
_aFinancial Statements _banalysis of financial sector 2006-07 _cState Bank of Pakistan |
||
| 260 |
_aKarachi _bState Bank of Pakistan _c2007 |
||
| 300 | _a263p | ||
| 942 |
_2ddc _cBK |
||
| 999 |
_c586071 _d586071 |
||